The European company statute /

"The European Company Statute will be of immeasurable value to business persons, lawyers, and academics in a number of relevant fields everywhere, as it deals incisively with important matters affecting any company activity in Europe, whatever its origin. It will prove an incomparable guide to...

全面介绍

Saved in:
书目详细资料
主要作者: Costa, Carla Tavares da.
其他作者: Bilreiro, Alexandra de Meester.
格式: 图书
语言:English
出版: The Hague ; New York : Kluwer Law International, 2003.
丛编:European business law & practice series ; v. 19.
主题:
标签: 添加标签
没有标签, 成为第一个标记此记录!
LEADER 02220nam a2200301 a 4500
001 009166319-9
005 20031219113436.0
008 030416s2003 ne b 001 0 eng
010 |a  2003047624 
020 |a 9041120270 (hardcover : alk. paper) 
035 0 |a ocm52121448 
040 |a DLC  |c DLC  |d MH-L 
043 |a e------ 
050 0 0 |a KJE2451  |b .C67 2003 
082 0 0 |a 341.7/53/094  |2 21 
100 1 |a Costa, Carla Tavares da. 
245 1 4 |a The European company statute /  |c by Carla Tavares Da Costa and Alexandra de Meester Bilreiro. 
260 |a The Hague ;  |a New York :  |b Kluwer Law International,  |c 2003. 
300 |a xi, 266 p. :  |b ill. ;  |c 25 cm. 
490 1 |a European business law & practice series ;  |v v. 19 
504 |a Includes bibliographical references (p. 255-259) and index. 
505 0 |a Introduction: Historical background of the Statute for a European Company -- Part I: The Statute of the European Company -- 1. The European Company: a step forward in the Community company law -- 2. Access to the SE -- 3. The regime of the SE -- 4. The structure of the SE -- 5. Annual accounts and consolidated accounts of the SE -- 6. Winding up, liquidation, insolvency and cessation of payments of the SE -- 7. Employee's involvement in the SE -- Part II: The tax issue -- 1. European directives on direct taxation -- 2. The Parent-Subsidiary Directive: general remarks -- 3. The Merger Directive: general remarks -- 4. The Arbitration Convention: general remarks -- 5. The loss-compensation proposal: general remarks -- 6. Prospects of a corporate tax system for the European Company -- Conclusion -- Appendices. 
520 1 |a "The European Company Statute will be of immeasurable value to business persons, lawyers, and academics in a number of relevant fields everywhere, as it deals incisively with important matters affecting any company activity in Europe, whatever its origin. It will prove an incomparable guide to informed and rational decision making concerning European business."--BOOK JACKET. 
650 0 |a Corporation law  |z European Union countries. 
700 1 |a Bilreiro, Alexandra de Meester. 
830 0 |a European business law & practice series ;  |v v. 19. 
988 |a 20030429 
906 |0 DLC